00446nam a2200133Ia 4500003000400000020002000004082001800024100001600042245004800058260003900106300001000145650003900155653011800194SGT a978935014142851 a620.0028bRAJ aRajput.R.K. aMechanical measurements and instrumentation bS.K. Kataria & SONSaN.Delhic2012 a846p. aENGINEERING AND ALLIED OPERATIONS  aMECHANICAL ENGINEERING,STATIC AND DYNAMIC CHARACTERISTICS OF INSTRUMENTS OF INSTRUMENTS ERRORS IN MEASUREMENTS